Online katalóg knižníc regiónu Turca

Izabela (Record no. 22297)

MARC details
000 -LEADER
fixed length control field 02091cam a2200661 a 4500
001 - CONTROL NUMBER
control field 22297
003 - CONTROL NUMBER IDENTIFIER
control field VRT
005 - DATE AND TIME OF LATEST TRANSACTION
control field 20260325131444.0
008 - FIXED-LENGTH DATA ELEMENTS--GENERAL INFORMATION
fixed length control field 240315 2012 xo g 000 f slo
015 ## - NATIONAL BIBLIOGRAPHY NUMBER
National bibliography number SNBA2013
020 ## - INTERNATIONAL STANDARD BOOK NUMBER
International Standard Book Number 9788055130316
Qualifying information (brož.)
035 ## - SYSTEM CONTROL NUMBER
System control number 29E653F1-C502-4822-B4AC-FAE5F73345B5
035 ## - SYSTEM CONTROL NUMBER
System control number urn:nbn:sk:snk-amjlq4
035 ## - SYSTEM CONTROL NUMBER
System control number urn:nbn:sk:snk-am0015zv
039 #9 - LEVEL OF BIBLIOGRAPHIC CONTROL AND CODING DETAIL [OBSOLETE]
Level of rules in bibliographic description 202403151739
Level of effort used to assign nonsubject heading access points VLOAD
Level of effort used to assign subject headings 202106240432
Level of effort used to assign classification VLOAD
Level of effort used to assign subject headings 202105141212
Level of effort used to assign classification VLOAD
Level of effort used to assign subject headings 202105101807
Level of effort used to assign classification AUTHORITY
040 ## - CATALOGING SOURCE
Original cataloging agency TTKJF
Language of cataloging slo
Transcribing agency TTKJF
Modifying agency SNK
Description conventions AACR2
041 0# - LANGUAGE CODE
Language code of text/sound track or separate title slo
044 ## - COUNTRY OF PUBLISHING/PRODUCING ENTITY CODE
MARC country code xo
ISO country code SK
072 #7 - SUBJECT CATEGORY CODE
Subject category code 821.162.4-3
Subject category code subdivision Slovenská próza
Source konspekt
080 ## - UNIVERSAL DECIMAL CLASSIFICATION NUMBER
Universal Decimal Classification number 821.162.4-31
Edition identifier 2001
080 ## - UNIVERSAL DECIMAL CLASSIFICATION NUMBER
Universal Decimal Classification number (0:82-311.6)
Edition identifier 2001
080 ## - UNIVERSAL DECIMAL CLASSIFICATION NUMBER
Universal Decimal Classification number (0:82-312.5)
Edition identifier 2001
100 1# - MAIN ENTRY--PERSONAL NAME
Personal name Šranková, Eva Ava,
Dates associated with a name 1974-
Relationship aut
245 10 - TITLE STATEMENT
Title Izabela
Number of part/section of a work II
Name of part/section of a work V tieni Notre-Dame 1439-1454
Statement of responsibility, etc. Eva Ava Šranková ; [preklad veršov Viliam Turčány]
246 30 - VARYING FORM OF TITLE
Title proper/short title V tieni Notre-Dame 1439-1454
250 ## - EDITION STATEMENT
Edition statement 1. vyd.
260 ## - PUBLICATION, DISTRIBUTION, ETC.
Place of publication, distribution, etc. Bratislava
Name of publisher, distributor, etc. Ikar
Date of publication, distribution, etc. 2012
300 ## - PHYSICAL DESCRIPTION
Extent 189 s.
Dimensions 19 cm
500 ## - GENERAL NOTE
General note Vysvetl. Biogr. údaje
504 ## - BIBLIOGRAPHY, ETC. NOTE
Bibliography, etc. note Bibliogr. odkazy
655 #7 - INDEX TERM--GENRE/FORM
Genre/form data or focus term slovenské romány
Source of term SNKPH
655 #7 - INDEX TERM--GENRE/FORM
Genre/form data or focus term historické romány
Source of term SNKPH
655 #7 - INDEX TERM--GENRE/FORM
Genre/form data or focus term ľúbostné romány
Source of term SNKPH
655 #7 - INDEX TERM--GENRE/FORM
Genre/form data or focus term Slovak fiction
Source of term SNKPHeng
655 #7 - INDEX TERM--GENRE/FORM
Genre/form data or focus term Historical novels
Source of term SNKPHeng
655 #7 - INDEX TERM--GENRE/FORM
Genre/form data or focus term Love novels
Source of term SNKPHeng
700 1# - ADDED ENTRY--PERSONAL NAME
Personal name Turčány, Viliam,
Dates associated with a name 1928-2021
Relationship trl
910 ## - USER-OPTION DATA (OCLC)
User-option data ttkjf
910 ## - USER-OPTION DATA (OCLC)
User-option data pokpoh
910 ## - USER-OPTION DATA (OCLC)
User-option data pppk
910 ## - USER-OPTION DATA (OCLC)
User-option data svkbb
910 ## - USER-OPTION DATA (OCLC)
User-option data vthk
910 ## - USER-OPTION DATA (OCLC)
User-option data sllk
910 ## - USER-OPTION DATA (OCLC)
User-option data skpk
910 ## - USER-OPTION DATA (OCLC)
User-option data hevk
910 ## - USER-OPTION DATA (OCLC)
User-option data bjkdg
910 ## - USER-OPTION DATA (OCLC)
User-option data savuk
910 ## - USER-OPTION DATA (OCLC)
User-option data snk
910 ## - USER-OPTION DATA (OCLC)
User-option data totk
910 ## - USER-OPTION DATA (OCLC)
User-option data bpksh
942 ## - ADDED ENTRY ELEMENTS (KOHA)
Source of classification or shelving scheme Dewey Decimal Classification
Koha item type Krásna literatúra pre dospelých
Suppress in OPAC No
949 ## - LOCAL PROCESSING INFORMATION (OCLC)
6 270001000403472
a svkbbA 131765-2
b svkbbm 731137
949 ## - LOCAL PROCESSING INFORMATION (OCLC)
6 17A1040612
a snkSD 80289/2
b snk2012/20574
o 2281/12
949 ## - LOCAL PROCESSING INFORMATION (OCLC)
6 17A1055817
a snkSD 80289/2 D1
b snk2012/22393
o 2281/12
s 6100:20210923
949 ## - LOCAL PROCESSING INFORMATION (OCLC)
6 273K0551560
a svkpoA 215464
b svkpo555259
949 ## - LOCAL PROCESSING INFORMATION (OCLC)
6 2889189889
a savukPV 16976
b savuk2012/4549
949 ## - LOCAL PROCESSING INFORMATION (OCLC)
6 3869A14175
a bpksh821.162.4-31
b bpksh70835
Holdings
Stav vyradenia Strata Poškodenie Spôsob nadobudnutia Domovská knižnica Aktuálna knižnica Dátum nadobudnutia Cena Total checkouts Čiarový kód exemplára Date last seen Typ exemplára
      Kúpa Obecná knižnica Horná Štubňa Obecná knižnica Horná Štubňa 25.03.2026 6.20   9788055130316 25.03.2026 Krásna literatúra pre dospelých
Projekt je podporený Slovenskou asociáciou knižníc
Prevádzkuje Turčianska knižnica Martin 2026